Monetarismus Ekonomické teorie
Prístup Miltona Friedmana ku keynesiánskej ekonómie. Charakteristika monetarizmu v učení Friedmana. Účinky na ceny a produkt. Kritika Phillipsovej krivky.
Salvato in:
| Autore principale: | |
|---|---|
| Natura: | Capitolo di libro |
| Lingua: | ceco |
| Soggetti: | |
| Tags: |
Nessun Tag, puoi essere il primo ad aggiungerne!!
|
MARC
| LEADER | 00000naa a2200000 4500 | ||
|---|---|---|---|
| 001 | r032151 | ||
| 005 | 20230920094653.6 | ||
| 041 | 0 | |a cze | |
| 044 | |a CZ | ||
| 245 | 1 | 0 | |a Monetarismus |b Ekonomické teorie |c Milan Sojka |
| 520 | |a Prístup Miltona Friedmana ku keynesiánskej ekonómie. Charakteristika monetarizmu v učení Friedmana. Účinky na ceny a produkt. Kritika Phillipsovej krivky. | ||
| 610 | 2 | 0 | |a teórie ekonomické |
| 610 | 2 | 0 | |a monetarizmus |
| 610 | 2 | 0 | |a ceny |
| 610 | 2 | 0 | |a peniaze |
| 610 | 2 | 0 | |a teória peňažná |
| 610 | 2 | 0 | |a trh |
| 610 | 2 | 0 | |a sila kúpna peňazí |
| 610 | 2 | 0 | |a nezamestnanosť |
| 610 | 2 | 0 | |a Friedman, M. |
| 100 | 1 | |a Sojka, Milan | |